Primera Exposición Itinerante : (adquisiciones 1975) / Diputación Provincial de Barcelona (adquisiciones 1975) / Diputación Provincial de Barcelona
Descripción Física:
3 v. ; 19 cm
MARC
| LEADER | 00000nam a2200000Ia 4500 | ||
|---|---|---|---|
| 001 | 11359, 11360, 11361 | ||
| 008 | 160829s9999 xx 000 0 cat d | ||
| 080 | |a FU-12-77, FU-12-78, FU-12-79 | ||
| 245 | |a Primera Exposición Itinerante : |b (adquisiciones 1975) / Diputación Provincial de Barcelona | ||
| 260 | |a Barcelona : |b (Imp. Casa P. de Caridad), DL 1976 | ||
| 300 | |a 3 v. ; |c 19 cm | ||
| 590 | |a Conté: v. 1: Terrassa (Mayo 1976); v. 2: Berga (Junio 1976); v. 3: Girona (Agosto 1976). | ||
| 590 | |a Catàleg de l'exposició. El text és idèntic en els tres exemplars. El que canvia és el lloc i mes de l'exposició | ||
| 650 | |a Barcelona. Diputació |x Adquisicions |x Exposicions |9 27866 | ||
| 710 | 1 | |a Barcelona (Catalunya : Província). |b Diputació |9 52408 | |
| 901 | |a Arxiu | ||
| 942 | |n 1 | ||
| 952 | |0 0 |1 0 |4 0 |6 FU1277_FU1278_FU1279 |7 1 |9 44574 |a Arxiu |b Arxiu |d 2016-12-01 |l 0 |o FU-12-77, FU-12-78, FU-12-79 |p 11359, 11360, 11361 |r 2016-12-01 00:00:00 |w 2016-12-01 |y ARXIU | ||
| 999 | |c 47155 |d 47155 | ||